| 000 | 01109nam a2200277Ia 4500 | ||
|---|---|---|---|
| 003 | OSt | ||
| 005 | 20221005105426.0 | ||
| 006 | a|||||r|||| 00| 0 | ||
| 007 | ta | ||
| 008 | 221004b |||||||| |||| 00| 0 hin d | ||
| 020 |
_a9788123015767 (hbk) _cINR 310.00 |
||
| 024 | _a42127 | ||
| 037 |
_b320, 11/03/2019, Eastern Book Linkers _cTextual |
||
| 040 |
_aCRL _cCRL _bhin |
||
| 041 |
_2hin _ahin |
||
| 082 | _aV2y7M69w, 152Q1 | ||
| 100 | _aकृपलानी, जे. बी., ले. | ||
| 245 | 0 |
_aगांधी _b जीवन और दर्शन |
|
| 246 | _aGāandhī: jīvan aur darshana | ||
| 260 |
_aनई दिल्ली _bप्रकाशन विभाग सूचना और प्रसारण मंत्रालय भारत _c2011 |
||
| 300 |
_a565पृ0 _ccm. |
||
| 490 | _aआधुनिक भारत के निर्माता | ||
| 650 | _aगांधीवाद | ||
| 942 |
_hV2y7M69w, 152Q1 _cTEXL _2cc |
||
| 999 |
_c1015777 _d1015777 |
||